000 00434nam a2200157Ia 4500
008 130318s9999 xx 000 0 und d
020 _a8176496219
082 _a658.4012 RAO/S
100 _aRao, Mohana P
245 _aStrategic management: Current trends and issues
260 _bDeep and Deep
_aNew Delhi
_c2002
300 _a293
650 _aEXECUTIVE MANAGEMENT
650 _aSTRATEGIC MANAGEMENT
700 _aJain, Trilok Kumar
999 _c660
_d660